Khoa học tự nhiên 5A (Dành cho Hs tiểu học)

Guardado en:
Detalles Bibliográficos
Formato: Libro
Etiquetas: Agregar Etiqueta
Sin Etiquetas, Sea el primero en etiquetar este registro!
Thư viện lưu trữ: Mạng thư viện Đại học Đà Nẵng
LEADER 00429nam a22001691a 4500
001 000040080
003 16375
005 20160412022840.0
008 160412s0 000
082 |a 4N(TK)1440-46 
245 |a Khoa học tự nhiên 5A (Dành cho Hs tiểu học) 
OWN |a LNN 
999 |a From the UDN01 
TYP |a Monograph 
980 |a Mạng thư viện Đại học Đà Nẵng